1251 1142 1082 1998 1479 1488 1481 1004 1294 1314 1116 1137 1223 1468 1939 1651 1128 1385 1847 1852 1148 1648 1375 1565 1880 1902 1890 1755 1666 1324 1177 1796 1769 1516 1563 1941 1707 1341 1240 1752 1786 1115 1692 1788 1092 1963 1087 1575 1939 1471 1459 1213 2000 1248 1461 1360 1654 1922 1346 1703 1821 1708 1424 1764 1374 1865 1646 2000 1633 1886 1248 1340 1721 1247 1971 1505 1616 1698 1496 1402 1696 1705 1344 1988 1952 1071 1118 1101 1674 1907 1299 1434 1625 1954 1594 1993 1622 1632 1401 BCNSPRNW ULIB Ver.6.0+V

เปลี่ยนเป็นภาษาไทย

Change to English
 แสดงรายละเอียดบรรณานุกรม
  กลับหน้าหลัก

Brief Record : Get Marc (ISO 2709) : E-mail record : QR code < ปิดหน้าต่าง
LEADER : 00000nam 2200000uu 4500
001    13399108441
003     ULIB
008    110303s2002||||th 000 0 eng d
020    0827381484
020    9780827381483
060 04 WY159^bP373p 2002
100 1  Potts, Nicki L. and Mandleco, Barbara L.
245 10 Pediatric nursing :^bcaring for children and their families/^Potts, Nicki L. and Mandleco, Barbara L.
260    Australia:^bDelmar Thomson Learning,^c2002.
300    1323 p. :^bcol. ill. ;^c29 cm. +^e1 tear-out poster +1 DVD-ROM (4 3/4 in.)
504    Includes bibliographical references and index
650  0 Pediatric nursing.
650  2 Pediatric Nursing^xmethods
650  2 Child.
650  2 Infant.
650  2 Nursing Assessment^xmethods
700 1   Mandleco, Barbara L.
945    ^p0^l0^i014698
995    Kesorn
999 ^a ใช้งานได้ทุกระบบ
รายการนี้ยังไม่มีแท็ก
คุณยังไม่ได้ล็อกอิน คุณสามารถมีกิจกรรมร่วมกับเว็บไซต์ได้ แต่ต้องล็อกอินก่อน ::
  ล็อกอิน

รายการสื่อสารสนเทศ

ลำดับที่ ประเภท เลขเรียก/บาร์โค้ด สถานที่ สถานะ
1. วิทยาศาสตร์การแพทย์ และสุขภาพ
วิทยาศาสตร์การแพทย์ และสุขภาพ
สถานะ=หนังสือเก่า
WY159 P373p 2002  
  Barcode: 014698
ห้องสมุดวิทยาเขตสวรรค์ประชารักษ์
►ส่วนจัดเก็บหนังสือเก่า สปร
บนชั้น
  ขอยืม

รายการใกล้เคียง
    หัวเรื่อง [Pediatric nursing.]
    หัวเรื่อง [Child.]
    หัวเรื่อง [Infant.]

BibComment


ยังไม่เคยถูกคอมเมนท์

คอมเมนท์ทรัพยากรรายการนี้
  คอมเมนท์: Pediatric nursing..


 Copyright 2026. Bcnsprnw @Library